| 000 | 01171nam a2200205Ia 4500 | ||
|---|---|---|---|
| 003 | Ost | ||
| 005 | 20260507075113.0 | ||
| 008 | 260507s9999||||xx |||||||||||||| ||und|| | ||
| 040 | _cfsecg | ||
| 041 | _aara | ||
| 082 | _a330 | ||
| 100 |
_aالشيخلي، عبد الرزاق ابراهيم _eمؤلف |
||
| 245 | 0 |
_aالادارة المحلية : _bدراسة مقارنة / _c عبد الرزاق ابراهيم الشيخلي |
|
| 260 |
_aعمان: _bدار المسيرة للنشر والتوزيع, _c2001 |
||
| 300 |
_a208 صفحة؛ _c24 سم |
||
| 504 | _aببليوغرافيا:ص.191 | ||
| 520 | _aمفاهيم عامة،الوحدة الإدارية،الوحدة الإدارية والتقسيم الإداري في العراق،التشكيلات الإدارية في الأردن،موظف الإدارة المحلية،المجالس المحلية،مالية الإدارة المحلية،العلاقة بين الإدارة المحلية والحكومة المركزية،مشاكل الإدارة المحلية،الإدارة المحلية وتنمية المجتمع | ||
| 653 | _aالادارة المحلية | ||
| 942 | _cكتاب | ||
| 999 |
_c42948 _d42948 |
||